| 000 | 00680nam a22002057a 4500 | ||
|---|---|---|---|
| 005 | 20141111113720.0 | ||
| 010 | _aENG-111148 | ||
| 020 |
_c125.00 _a9788123771984 |
||
| 035 | _aEN-94680 | ||
| 037 | _bDBAD/PUB | ||
| 082 | _a784.19095415 | ||
| 100 | _aThakur ,Surat | ||
| 245 |
_aFolk musical instruments of Himachal Pradesh / _c by Surat Thakur |
||
| 260 |
_aNew Delhi _bNational Book Trust _c2014 |
||
| 270 |
_bNew Delhi _e110070 _aNehru Bhawan, 5 Institutional Area Phase-II,Vasant Kunj |
||
| 300 |
_avii, 95p. : _c22cm(pbk) _bcol. photos |
||
| 500 | _aIncludes bibliographical references | ||
| 700 | _aBarua, Dulal | ||
| 942 |
_2ddc _cEN _mTHA _h784.19095415 |
||
| 999 |
_c89826 _d89826 |
||